000 01109nam a2200265Ia 4500
003 OSt
005 20221005103753.0
006 a|||||r|||| 00| 0
007 ta
008 221004b |||||||| |||| 00| 0 hin d
020 _a9788189982911 (hbk)
_cINR 400.00
024 _a42588
037 _bIN-2307, 14/03/2019, Kitab Ghar Prakashan
_cTextual
040 _aCRL
_cCRL
_bhin
041 _2hin
_ahin
082 _aO152:g(Y:1), Q3
100 _aसुशील बाला, ले.
245 0 _aसाहित्य का सांस्कृतिक अध्ययन
_b भारतीय संस्कृति का संदर्भ
246 _aSāhitya kā sāanskṛutik adhyayana: bhāratīya sanskṛuti kā sandarbha
260 _aदिल्ली
_bआर्य प्रकाशन मंडल भारत
_c2013
300 _a183पृ0
_ccm.
650 _aहिन्दी साहित्य
942 _hO152:g(Y:1), Q3
_cTEXL
_2cc
999 _c1010857
_d1010857